• 首页
  • 本馆介绍
  • 公告通知
  • 最新文献
  • 馆藏检索
  • 电子资源
  • 读者导购
  • 参考咨询
  • 我的图书馆
  • 登录
  • 详细信息显示
  • 放入我的书架
  • 预约/预借图书
  • 作者相关作品
  • 分类相关作品
  • 丛书相关作品
  • 出版社相关作品

书目信息

  • 表格格式
  • 工作单格式
  • 卡片格式
题名:
基本建设技术经济学
    
 
作者: 周惠珍 编著
分册:  
出版信息: 北京   中国展望出版社  1986
页数: 305页
开本: 26cm
丛书名:
单 册:
中图分类: F283
科图分类:
主题词: 基本建设-技术经济学 , 技术经济学-基本建设
电子资源:
ISBN:
000 00682nam0 2200253 45
001 0186018567
005 20060810094052.12
010    @dCNY3.80
091    @aCN@b4271.189
100    @a19900724d1986 emky0chiy0121 ea
101 0  @achi
102    @aCN@b110000
105    @ak a 000yy
200 10 @a基本建设技术经济学@Aji ben jian she ji shu jing ji xue@f周惠珍编著
210    @a北京@c中国展望出版社@d1986
215    @a305页@d26cm
300    @a附: 复利系数表1-8
606    @a基本建设-技术经济学
606    @a技术经济学-基本建设
690    @aF283@v3
701  0 @a周惠珍@Azhou hui zhen@4编著
801  2 @aCN@bNLC@c20060810
801  0 @aCN@bTSSF
905    @a10447@dF283@e267
    
    基本建设技术经济学/周惠珍编著.-北京:中国展望出版社,1986
    305页;26cm
    附: 复利系数表1-8
    
    ISBN :CNY3.80
    
●
相关链接 在E读中查询图书 在五车中查询图书 在当当中查询图书 在豆瓣中查询图书


正题名:基本建设技术经济学     索取号:F283/267         预约/预借

序号 登录号 条形码 馆藏地/架位号 状态 备注
1 0448320   204483200   密集书库/ [索取号:F283/267] 在馆    
2 0448321   204483219   密集书库/ [索取号:F283/267] 在馆    
3 0448322   204483228   密集书库/ [索取号:F283/267] 在馆    
4 0448323   204483237   密集书库/ [索取号:F283/267] 在馆    
唐山师范学院图书馆 欢迎您!
大连网信软件有限公司© 版权所有